000 00570cam a2200217 4500
008 090401t1977 xxu||||| |||| 00| 0 eng d
020 _a0711432104
035 _a(Sirsi) u35160
041 _aeng
050 _a690.026
245 _aBuilding law reports. - Volume 5.
260 _aLondon
_bGeorge Godwin
_c1977
300 _aviii,160p. ; 23cm.
350 _a0
650 _aBUILDING INDUSTRY
650 _aLAW REPORTS
690 _aBUILDING AND CONSTRUCTION-CASE LAW
700 _aLLoyd, Humphrey Reese, Colin,
_xEditor
942 _n0
948 _c04/03/1997
999 _c90057
_d90057